Countries Invaded by the United States - Statistics

General Stats
  • This quiz has been taken 220 times
  • The average score is 19 of 27
Answer Stats
Year Country % Correct
1944 Germany
95%
1846 Mexico
95%
1916 Mexico
95%
1991 Iraq
94%
2003 Iraq
94%
1961 Cuba
93%
1942 Japan
93%
1812 United Kingdom (Canada)
93%
2001 Afghanistan
92%
1898 Spain (Caribbean)
89%
1943 Italy
86%
1900 China
79%
1918 Russia
77%
1989 Panama
75%
1898 Philippines
74%
1983 Grenada
70%
1950 North Korea
70%
1915 Haiti
69%
1994 Haiti
69%
1965 Dominican Republic
57%
1970 North Vietnam
51%
1871 Korea
49%
2015 Yemen
48%
1861 Confederate States
41%
1805 Ottoman Empire
35%
1941 Denmark (Greenland)
31%
1893 Hawaii
29%
No matching quizzes found
Score Distribution
Percent of People with Each Score
Percentile by Number Answered
Your Score History
You have not taken this quiz